000 00490nam a22001817a 4500
003 BD-DhUL
005 20170122132507.0
008 170122s1996 ii |||| |||| 000 0 eng d
020 _a817030010X
040 _aBD-DhUL
_cBD-DhUL
082 _a891.309
_bSAM
100 1 _aSastri, M M. Haraprasad
245 1 0 _aMagadhan literature /
_cM M. Haraprasad Sastri.
260 _aDelhi :
_bSir Satguru,
_c1996.
300 _a133 p. ;
_c21cm.
650 4 _aPrakrit literature.
942 _2ddc
_cBK
999 _c152709
_d152709